| 000 | 00494nam a2200169Ia 4500 | ||
|---|---|---|---|
| 008 | 200115s9999 xx 000 0 und d | ||
| 100 | _aZakaria, Fareed | ||
| 245 | _aCause to celebrate/ | ||
| 245 | _cFareed Zakaria | ||
| 260 | _bReader's Digest Asia | ||
| 260 | _c2019 | ||
| 300 | _aPages 60-63, September 2019 | ||
| 440 |
_aAsia Reader's Digest: My Coma Miracle Cyclist's Triumph after horror accident _v116:679 |
||
| 650 | _aglobal population | ||
| 650 | _apoverty | ||
| 650 | _aworld | ||
| 999 |
_c362935 _d362935 |
||